00886nam a2200229 a 4500001001000000003000500010005001700015008004100032010001100073011001100084040000900095100003300104245015200137260004100289500006000330502007700390650003500467650003700502650003100539856001600570856007000586000113541CHAP20220329144400.0170801s2017 mx a fsm |||||||spa d a110002 a110974 cCHAP1 aAviles Reyes, Maria de Jesus10aControl químico de la maleza en el cultivo de lechuga (Lactuca sativa L.) en Chapingo, México /h[En línea]cpor Maria de Jesus Aviles Reyes. aChapingo, Méx. :bEl autor,c2017. aPara ver el contenido del material haga clic en la liga aTesis (Ing. Agr. Esp. en Fitotecnia) -- UACH. Departamento de Fitotecnia14aHerbicidasxEfecto en lechuga.14aLechugaxMalas hierbasxControl.14aMalas hierbasxHerbicidas. a1 n0000650 aFinding aiduhttp://10.13.5.2/tesis/sist113541.pdfzTeclea aquí